|
|
|
|
| LEADER |
00000nab a2200000 a 4500 |
| 001 |
vtls000252216 |
| 003 |
SK-MaSNL |
| 005 |
20260302220951.0 |
| 008 |
111130c1986 xo 0 slo |
| 015 |
|
|
|a SNBRB19rr/mm-uuuuu
|
| 035 |
|
|
|a CL0262330
|
| 040 |
|
|
|a SNKBUCL
|b slo
|c SNKBUCL
|e AACR2
|
| 041 |
0 |
|
|a slo
|
| 044 |
|
|
|a xo
|c SK
|
| 080 |
|
|
|a 78.091.4:785.7.091.4
|2 1981
|
| 080 |
|
|
|a 785.7.091.4
|2 1981
|
| 080 |
|
|
|a 785.11.091.4
|2 1981
|
| 100 |
1 |
|
|a Berger, Igor,
|d 1942-
|4 aut
|
| 245 |
1 |
0 |
|a Potešiteľná aktivita mládeže
|b Od starej po súčasnú vážnu hudbu
|c I. Berger
|
| 650 |
0 |
7 |
|a Slovenský festival komornej a symfonickej hudby 1986
|2 snkbucl
|9 947358
|
| 651 |
|
7 |
|a 5211
|2 snkbucl
|9 283191
|
| 655 |
|
7 |
|a články z novín a časopisov
|2 snkbucl
|9 267496
|
| 773 |
0 |
|
|t Ľud
|g Roč. 39, č. 154 (3. 7. 1986), s. 5
|
| 850 |
|
|
|a Slovenská národná knižnica v Martine
|a MTA001
|
| 852 |
|
|
|a SNK
|b KIS3GCP
|
| 958 |
|
|
|a RK
|
| 992 |
|
|
|a RBX
|
| 999 |
|
|
|c 1509521
|d 1511451
|